MDQL
is popping MORE tags! Check the
thread
!
Quizzes
Events
Quiz Creation
Community
Videos
Private Events
Remove Ads
Sign In
Join for FREE
Feedback
Dark Mode
Quiz Categories
Sports
Geography
Music
Movies
Television
Just For Fun
Miscellaneous
History
Literature
Language
Science
Gaming
Entertainment
Religion
Holiday
For Kids
Quiz Lab
Recent
Popular Today
Quiz Kudos Today
Editor Picks
Curator Picks
Quizzes by...
Day
Popularity
Type
Ratings
Length
Year
Community
Subscriptions
Recent Discussions
Orange Saloon
Badges
Playlists
Quests
Create
Leaderboards
Showdown
Live 5
Trivia Bingo
Activity
Puzzle Library
Sporcle Events
Private Events
Virtual Trivia
Globe League
Become a Host
Pub Owners
SporcleCon
Opinionation
Our Games
Videos
Blog
Mobile Apps
Partnerships
Remove Ads and Go Orange
Feedback
Music
Pop Music
The Beatles
Song
Album
Lyrics
Bands
Singers
Artist
Clip
Rock
Rap
Classical
Billboard
Country Music
Kpop
Taylor Swift
Music
Pop Music
The Beatles
Song
Album
Lyrics
Bands
Singers
Artist
Clip
Rock
Rap
Classical
Billboard
Country Music
Kpop
Taylor Swift
Random Quiz
Search Sporcle
×
Quiz Lab
Quiz Lab
Music
Numbers
Type in answers that appear in a list
Type in answers that appear in a list
Classic
Best Score? Go Orange.
Bob Dylan Opening Lyrics Stats
Can you name the Finish the Opening Lyric (Bob Dylan)?
By
kss004
10m
35 Questions
222 Plays
222 Plays
222 Plays
Comments
Comments
Give Quiz Kudos
Give Quiz Kudos
-
- Ratings
hide this ad
More Info
Replay
Link that replays current quiz
Next Quiz
Link to next quiz in quiz playlist
You Got
0%
They Got
Avg Score
35%
Avg Friend Score
Upgrade to see
Score Distribution
Jump to the score distribution portion of the page
Score
0/35
Timer
10:00
0
Plays Today
Opening Lyrics
Missing Lyrics
% Correct
Go away from my window
Leave at your own chosen speed
83.3%
There must be some way out of here
Said the joker to the thief
77.9%
How many roads must a man walk down
Before you call him a man
77%
Lay lady lay
Lay across my big brass bed
69.4%
She's got everything she needs
She's an artist she don't look back
67.6%
Oh God said to Abraham
Kill me a son
65.8%
Once upon a time you dressed so fine you
Threw the bums a dime in your prime
64.9%
Mama take this badge off of me
I can't use it anymore
64%
Johnny's in the basement mixing up the medicine
I'm on the pavement thinking about the government
61.3%
You've got a lot of nerve
To say you are my friend
60.4%
Come gather round people wherever you roam
And admit that the waters around you have grown
59.9%
Nobody feels any pain
Tonight as I stand inside the rain
53.2%
Oh the ragman draws circles
Up and down the block
48.2%
If you see her say hello
She might be in Tangier
45%
Someone's got it in for me
They're planting stories in the press
44.6%
May God bless and keep you always
May your wishes all come true
43.7%
Oh my name it is nothing
My age it means less
41%
Every step of the way we walk the line
Your days are numbered so are mine
23.9%
Opening Lyrics
Missing Lyrics
% Correct
Shadows are falling
And I've been here all day
23.4%
When the rain is blowing in your face
And the whole world is on your case
18.9%
Fat man looking in a blade of steel
Thin man looking at his last meal
17.1%
A worried man with a worried mind
No one in front of me and nothing behind
14.4%
The man in me will do nearly any task and
As for compensation there's a little he would ask
14%
I think we better talk this over
Maybe when we both get sober
13.1%
Most of the time I'm clear focused all around
Most of the time I can keep both feet on the ground
12.6%
Hot chilli peppers in the blistering sun
Dust on my face and my cape
11.7%
Well I saw it advertised one day that the
Bear Mountain picnic was coming my way
11.3%
Clouds so swift rain won't lift
Gate won't close railings froze
9.5%
You may be an ambassador to England or France
You may like to gamble, you might like to dance
8.6%
There's an evening haze settling over town
Starlight by the edge of the creek
8.1%
Oh well I love you pretty baby
You're the only love I've ever known
7.2%
Like the lion tears the flesh off of a man
So can a woman who passes herself off as a male
6.8%
He sits in your room
His tomb with a fist full of tacks
6.3%
Well the neighborhood bully, he's just one man
His enemies say he's on their land
5.9%
Come baby find me, come baby remind me
Of where I once begun
4.5%
Quiz Playlist
Details
Report
Send in Message
Add To Playlist
More Info:
Can you finish the opening lyrics of these Bob Dylan songs?
Classic:
Type in answers that appear in a list
Last Updated: Feb 16, 2017
Quiz Scoreboard
CHALLENGE
Sign Up to Join the Scoreboard
Show All
Scores
Hide
Comments
May contain spoilers
Recently Published
1-10 Letter E Words III
by El_Dandy
Language
2m
Street Fighter Characters
by Artimus82
Gaming
60s
College Basketball Coaching Resumes
by pancakes188
Sports
9m
More to Explore
Quiz From the Vault
Featured Blog Post
Where Did the Easter Bunny Come From?
hide this ad
You Might Also Like...
Tags
Lyrics Quiz
Numbers Quiz
bob
Bob Dylan
Dylan
finish
Today's Top Quizzes in Music
Browse Music
hide this ad
Today's Top Quizzes in Numbers
Browse Numbers
Top Contributed Quizzes in Music
1
Taylor Swift All Songs (2024)
2
Taylor Swift Logic Puzzle
3
Guess the Artist- 70s Songs
4
7-to-1: Billboard Hot 100 #1 Hits of 2010s
5
Sorting Albums and Songs
6
KPOP LOGIC QUIZ
7
Billboard Blitz: Aretha Franklin
8
Guess the Taylor Swift song (Mystery Song)
9
Guess The Taylor Swift Lyrics Song #1
10
Billboard Blitz: ABBA
Explore More
Trending Topics
Kpop
Marvel
Disney
Harry Potter
Anime
Crossword
NBA
The Office
Pokémon
Song
NFL
Country
WWE
Puzzle
Soccer
hide this ad
More By:
kss004
Quiz
Plays
Rating
Category
Featured
Created
Characters from the same TV Show (Clickable)
859
4.33
Television
Dec 10, 2013
David Cook Songs
434
5.00
Music
Oct 14, 2009
Bob Dylan Opening Lyrics
222
5.00
Music
Jun 7, 2010
Go to Creator's Profile
Score Distribution
Quiz Creator Spotlight
kss004
Follow
Send a Message
Quizzes Created
-
Created Quiz Play Count
-
More By This Creator
Popular Quizzes Today
1
Find the US States - No Outlines Minefield
2
Find the Countries of Europe - No Outlines Minefield
3
The Countries of the World
4
Find the US States
5
Risky Map Clicking: Biggest States A-Z
6
US States
7
Popular People in 1961
8
Movies - When Are They Set?
More Music Quizzes
Bands & Musicians by Song: 'P'
Published
Trending Quizzes
Risky Map Clicking: Least Populous States A-Z
1-10 Letter G Words
USA Borders Longest to Shortest
1-10 Letter F Words
Countries of the World: 200 Million BC
Recently Updated
Leaping Animals
pecheneg
Reality TV Shows (A-Z)
bhenderson79
Rickey Henderson's Hall of Fame Teammates
pecheneg
Champions League XIs: Arsenal
pecheneg
Quick Pick: Celebrities in WWE's Hall of Fame
aduchscher
A-Z Keypad Blitz II
pecheneg
Multiple Oscar Actors
pecheneg
Mystery Phrase Blitz: Oscar 'Best Actors'
pecheneg
F. Scott Fitzgerald Novels
LTH
Pick 3 Villains
ddd62291
Trending Topics
Marvel
Kpop
Anime
Disney
NBA
Harry Potter
Crossword
WWE
Song
Soccer
Country
Puzzle
The Office
Pokémon
NFL
Your Account Isn't Verified!
In order to create a playlist on Sporcle, you need to verify the email address you used during registration. Go to your
Sporcle Settings
to finish the process.
Report this User
Report this user for behavior that violates our
Community Guidelines
.
Details:
Send Report
Go to the Sporcle.com Mobile Site →
Comments